Paroles - SCH Damso - 02:00 - Statistiques

Statistiques générales
  • Ce quiz a été pris 23 fois
  • Le résultat moyen est 182 sur 316
Statistiques - réponses
Paroles % Correct
a
100%
je
100%
suis
100%
de
93%
du
93%
et
93%
j'ai
93%
la
93%
ma
93%
mon
93%
pas
93%
toi
93%
Tu
93%
coeur
87%
en
87%
faire
87%
mis
87%
c'que
80%
des
80%
d'pas
80%
fer
80%
J'avance
80%
j'essaye
80%
t'sais
80%
ai
73%
au
73%
comme
73%
dans
73%
du-per
73%
d'vant
73%
entier
73%
est
73%
ferme
73%
foi
73%
fois
73%
le
73%
manger
73%
m'vois
73%
ne
73%
que
73%
un
73%
Deux
67%
eu
67%
fou
67%
heures
67%
j'connais
67%
j'en
67%
jeu
67%
j'me
67%
les
67%
mes
67%
plus
67%
sang
67%
sur
67%
Y'a
67%
ça
60%
elle
60%
m'aime
60%
mais
60%
mort
60%
mourir
60%
noche
60%
pile
60%
pleurs
60%
pour
60%
p't'etre
60%
quartier
60%
qui
60%
si
60%
t'inquiète
60%
vie
60%
amour
53%
AP
53%
barreaux
53%
belle
53%
chié
53%
derrière
53%
d'outils
53%
d'un
53%
fini
53%
fous
53%
j'avais
53%
j'étais
53%
J'recompte
53%
j'reviendrai
53%
mécano
53%
neuf
53%
parce que
53%
qu'j'revois
53%
qu'un
53%
reufs
53%
rires
53%
son
53%
vivement
53%
Vivement
53%
vivre
53%
actif
47%
bien
47%
bordel
47%
confond
47%
diamant
47%
disque
47%
faut
47%
gosse
47%
heureux
47%
immortel
47%
indé'
47%
j'rap
47%
khalos
47%
l'ai
47%
laissé
47%
l'box
47%
love
47%
l'plus
47%
meufs
47%
percé
47%
sait
47%
s'morfond
47%
tue
47%
UFC
47%
victoires
47%
vit
47%
vs
47%
artiste
40%
chez
40%
désordre
40%
faible
40%
fait
40%
fleurs
40%
Gennaro
40%
haine
40%
il
40%
j'compte
40%
j'espère
40%
j'souris
40%
J'y
40%
personne
40%
PFL
40%
rincé
40%
triste
40%
aurait
33%
b'soin
33%
fais
33%
gen-ar
33%
jour
33%
j'vis
33%
Okay
33%
prendre
33%
preuves
33%
rien
33%
t'faire
33%
concret
27%
d'Laurent
27%
été
27%
gros
27%
humblement
27%
l'air
27%
l'pays
27%
malaisant
27%
maronne
27%
moula
27%
Multimillionnaire
27%
negro
27%
NFT
27%
Oeil
27%
range
27%
Sauron
27%
savoir
27%
tellement
27%
ton
27%
uno
27%
banque
20%
beaucoup
20%
c'est
20%
cette
20%
compte
20%
d'album
20%
droits
20%
d'sortir
20%
d'survie
20%
d'ta
20%
heureusement
20%
jeune
20%
l'numero
20%
Mercier
20%
mère
20%
mots
20%
ni
20%
qu'j'me
20%
qu'j'suis
20%
qu't'as
20%
sans
20%
valoir
20%
vous
20%
année
13%
blabla
13%
instinct
13%
j'traversais
13%
jurer
13%
loi
13%
moi
13%
n'allez
13%
n'en
13%
on
13%
peur
13%
poids
13%
croise
7%
doigts
7%
j'nai
7%
pensées
7%
s'croise
7%
d'c'qu'ils
0%
j'men
0%
pensent
0%
Aucun quiz correspondant
Distribution des résultats
% des personnes avec chaque résultat
Percentile par nombre de réponses
Votre historique - résultats
Vous n’avez pas pris ce quiz